000 00212nam a22000857a 4500
008 161021b xxu||||| |||| 00| 0 eng d
100 _9915
_aVaughn.E.
245 _aThe Strand
260 _aLondon
_bWord Publications
_c1997
999 _c3570
_d3570